000 00680nam a22001217a 4500
040 _cVONG PHANNITH, RUA
082 _aPHD CHE 2025 B707 Or.1
100 _aCHEA , BUNNA / ជា ប៊ុនណា
245 _aAntimicrobial resistance, antibiotic use, and residues in cambodian food animals , ភាពស៊ាំនឹងឳសថប្រឆាំងមេរោគ ការប្រើប្រាស់ឳសថអង់ទីប៊ីយ៉ូទិក និងកាកសំណល់បសុឳសថក្នុងផលិតកម្មសត្វនៅកម្ពុជា
260 _aPHNOM PENH
_bRUA
_c2025
300 _axiii,65p.
_bill.
_c29cm.
942 _cPHD
999 _c25845
_d25845